Rozsudky a rozhodnutia Európskeho súdu pre ľudské práva

Bibliographic Details
Previous Title:Rozhodnutia Európskeho súdu a Európskej komisie pre ľudské práva
Format: Serial
Language:Slovak
English
French
PhysicalDescription:zv. 24 cm
Published: Bratislava Informačná kancelária Rady Európy 2000-
ISSN:1335-2156
Subjects:

MARC

LEADER 00000nas a2200000 a 4500
001 vtls008831438
003 SK-MaSNL
005 20260228161101.0
008 060717c2000 xo ur1 0 0slo d
022 |a 1335-2156 
040 |a SVKPO  |b slo  |c SVKPO  |d SNK  |e AACR2 
041 0 |a slo  |a eng  |a fre 
044 |a xo  |c SK 
044 |a e-xo--- 
072 7 |a 342  |x Ústavné právo. Správne právo  |2 konspekt 
072 7 |a 341  |x Medzinárodné právo  |2 konspekt 
072 7 |a 347.9  |x Občianske súdne konanie. Súdnictvo  |2 konspekt 
080 |a 34  |2 2011 
080 |a 349  |2 2011 
080 |a 342.7  |2 2011 
080 |a 050  |2 2011 
080 |a (051)-048.55  |2 2011 
245 0 0 |a Rozsudky a rozhodnutia Európskeho súdu pre ľudské práva 
246 3 3 |a Výber zrozsudkov Európskeho súdu pre ľudské práva 
246 3 1 |a Judgments and decisions of the European Court of Human Rights 
246 3 1 |a Arréts et décisions de la Cour européenne des droits de L'homme 
246 3 1 |a Výber z rozhodnutí Európskeho súdu pre ľudské práva o prijateľnosti sťažností týkajúcich sa Slovenska 1998-2002 
246 3 1 |a Výber z kľúčových rozhodnutí Európskeho súdu pre ľudské práva 
260 |a Bratislava  |b Informačná kancelária Rady Európy  |c 2000- 
300 |a zv.  |c 24 cm 
310 |a Nepravidelne 
362 |a 2000- 
500 |a Vychádza s ISSN platným pre predošlý názov 
610 2 7 |a Európsky súd pre ľudské práva  |2 SNKKA  |9 34944 
650 0 7 |a ľudské práva  |2 SNKPH  |9 798 
650 0 7 |a rozsudky  |2 SNKPH  |9 267948 
655 7 |a špecializované časopisy  |2 SNKPH  |9 70509 
780 0 0 |t Rozhodnutia Európskeho súdu a Európskej komisie pre ľudské práva  |x 1335-2156  |w vtls008882523 
850 |a Štátna vedecká knižnica v Prešove 
910 |a snk 
999 |c 4254  |d 6184 
952 |0 0  |1 0  |4 0  |7 0  |8 0  |a SNK  |b SNK  |d 2020-07-02  |i snk2020/11834  |l 0  |o snkČSC 4048/2000  |p 17A1430776  |r 2026-02-21 22:01:35  |t č. osobitné číslo  |w 2026-02-21  |y PREZ 
952 |0 0  |1 0  |4 0  |7 0  |8 0  |a SNK  |b SNK  |d 2020-07-02  |i snk2020/11852  |l 0  |o snkČSC 4048/2001  |p 17A1430777  |r 2026-02-21 22:01:35  |w 2026-02-21  |y PREZ  |z Bez označenia čísla 
952 |0 0  |1 0  |4 0  |7 0  |8 0  |a SNK  |b SNK  |d 2020-07-02  |i snk2020/11855  |l 0  |o snkČSC 4048/2001 D1  |p 17A1430778  |r 2026-02-21 22:01:35  |w 2026-02-21  |y PREZ  |z Bez označenia čísla 
952 |0 0  |1 0  |4 0  |7 0  |8 0  |a SNK  |b SNK  |d 2020-07-03  |i snk2020/11886  |l 0  |o snkČSC 4048/2002  |p 17A1430779  |r 2026-02-21 22:01:51  |t zv. [1]-2  |w 2026-02-21  |y PREZ 
952 |0 0  |1 0  |4 0  |7 0  |8 0  |a SNK  |b SNK  |d 2020-07-03  |i snk2020/11887  |l 0  |o snkČSC 4048/2002 D1  |p 17A1430780  |r 2026-02-21 22:01:51  |t zv. [1]-2  |w 2026-02-21  |y PREZ 
952 |0 0  |1 0  |4 0  |7 0  |8 0  |a SNK  |b SNK  |d 2020-07-03  |i snk2020/11888  |l 0  |o snkČSC 4048/2003  |p 17A1430781  |r 2026-02-21 22:01:51  |t zv. 1-2  |w 2026-02-21  |y PREZ 
952 |0 0  |1 0  |4 0  |7 0  |8 0  |a SNK  |b SNK  |d 2020-07-03  |i snk2020/11889  |l 0  |o snkČSC 4048/2003 D1  |p 17A1430782  |r 2026-02-21 22:01:51  |t zv. 1-2  |w 2026-02-21  |y PREZ 
952 |0 0  |1 0  |4 0  |7 0  |8 0  |a SNK  |b SNK  |d 2020-07-03  |i snk2020/11890  |l 0  |o snkČSC 4048/2004  |p 17A1430783  |r 2026-02-21 22:01:51  |t zv. 1-2  |w 2026-02-21  |y PREZ 
952 |0 0  |1 0  |4 0  |7 0  |8 0  |a SNK  |b SNK  |d 2020-07-03  |i snk2020/11894  |l 0  |o snkČSC 4048/2004 D1  |p 17A1430784  |r 2026-02-21 22:01:51  |t zv. 1-2  |w 2026-02-21  |y PREZ 
952 |0 0  |1 0  |4 0  |7 0  |8 0  |a SNK  |b SNK  |d 2020-07-03  |i snk2020/11897  |l 0  |o snkČSC 4048/2005  |p 17A1430785  |r 2026-02-21 22:01:51  |w 2026-02-21  |y PREZ 
952 |0 0  |1 0  |4 0  |7 0  |8 0  |a SNK  |b SNK  |d 2020-07-03  |i snk2020/11900  |l 0  |o snkČSC 4048/2005 D1  |p 17A1430786  |r 2026-02-21 22:01:51  |w 2026-02-21  |y PREZ